Visualizzazione normale
Vista MARC
- Filosofia greca e romana
di Genre/Form Term
Records bibliografici associati: 1
001 - CONTROL NUMBER
- control field: 62029
003 - CONTROL NUMBER IDENTIFIER
- control field:
005 - DATE AND TIME OF LATEST TRANSACTION
- control field: 20250328115719.0
008 - FIXED-LENGTH DATA ELEMENTS
- fixed length control field: 250328|| aca||aabn | a|a d
040 ## - CATALOGING SOURCE
- Original cataloging agency:
- Transcribing agency:
155 ## - HEADING--GENRE/FORM TERM
- Genre/form term: Filosofia greca e romana
- General subdivision: Presocratici
670 ## - SOURCE DATA FOUND
- Source citation: Work cat.: ()360479: Heidegger, Martin, 1889-1976. 57150, Parmenide /, c1999.